Qui donc êtes - vous, monsieur onassis?

Сохранить в:
Библиографические подробности
Главный автор: Frischauer, Willi
Формат:
Язык:Undetermined
Опубликовано: Paris Éditions de trévise 1969
Предметы:
Метки: Добавить метку
Нет меток, Требуется 1-ая метка записи!
Thư viện lưu trữ: Trung tâm Học liệu Trường Đại học Cần Thơ
LEADER 00525nam a2200193Ia 4500
001 CTU_105438
008 210402s9999 xx 000 0 und d
082 |a 338.092 
082 |b F917 
100 |a Frischauer, Willi 
245 0 |a Qui donc êtes - vous, monsieur onassis? 
245 0 |c Willi Frischauer 
260 |a Paris 
260 |b Éditions de trévise 
260 |c 1969 
650 |a Production 
650 |x Biography, history 
904 |i Hiếu 
980 |a Trung tâm Học liệu Trường Đại học Cần Thơ